Vida

محفوظ في:
التفاصيل البيبلوغرافية
المؤلف الرئيسي: Torres Villarroel, Diego de
التنسيق: كتاب
اللغة:Undetermined
منشور في: Madrid, España Espasa-Calpe 1971
الموضوعات:
الوسوم: إضافة وسم
لا توجد وسوم, كن أول من يضع وسما على هذه التسجيلة!

MARC

LEADER 00000nam a2200000Ia 4500
008 170316s9999 xx 000 0 und d
040 |a cru BVZT 
090 |a 862 T-16v 
100 |a Torres Villarroel, Diego de 
245 |a Vida 
260 |a Madrid, España 
260 |b Espasa-Calpe 
260 |c 1971 
300 |a 245 páginas 
650 |a LITERATURA ESPAÑOLA 
999 |c 10448  |d 10448 
942 |c 15 D  |h 862 T-16v  |2 z